Rapid growth of selected Asian economies : Lessons and implications for agriculture and food security : China and India

Đã lưu trong:
書目詳細資料
企業作者: FAO Regional Office for Asia and the Pacific.
格式: 圖書
語言:Undetermined
出版: Bangkok, Thailand FAO 2006
主題:
標簽: 添加標簽
沒有標簽, 成為第一個標記此記錄!
Thư viện lưu trữ: Trung tâm Học liệu Trường Đại học Cần Thơ
LEADER 00770nam a2200217Ia 4500
001 CTU_130377
008 210402s9999 xx 000 0 und d
082 |a 338.17 
082 |b F686 
110 |a FAO Regional Office for Asia and the Pacific. 
245 0 |a Rapid growth of selected Asian economies : 
245 0 |b Lessons and implications for agriculture and food security : China and India 
245 0 |c FAO Regional Office for Asia and the Pacific. 
260 |a Bangkok, Thailand 
260 |b FAO 
260 |c 2006 
650 |a Food industry and trade,Produce trade,Agriculture 
650 |x Statistics.,Statistics.,Economic aspects,Statistics. 
650 |z China,India,China 
904 |i Minh 
980 |a Trung tâm Học liệu Trường Đại học Cần Thơ